[Event "Eastern Ontario op"]
[Site "Ottawa CAN"]
[Date "2014.06.21"]
[Round "3"]
[White "Pacey, Kevin"]
[Black "Qin, Zi Yi (Joey)"]
[Result "1-0"]
[WhiteElo "2169"]
[BlackElo "2446"]
[PlyCount "153"]
[EventDate "2014.06.20"]
[EventType "swiss"]
[EventRounds "5"]
[EventCountry "CAN"]

1. g3 g6 2. Bg2 Bg7 3. c4 Nf6 4. Nc3 O-O 5. d4 c6 6. e4 d6 7. Nf3 Qa5 8. O-O e5
9. d5 cxd5 10. Nxd5 Nxe4 11. Ne7+ Kh8 12. Nxc8 Rxc8 13. Ng5 Nxg5 14. Bxb7 Nh3+
15. Kg2 Nc6 16. Qd5 Qc7 17. Bxa8 Rxa8 18. Kxh3 Rd8 19. Bd2 Ne7 20. Qa5 Qd7+ 21.
Kg2 Rc8 22. Qb5 Qg4 23. f3 Qd4 24. Bc3 Qxc4 25. Qxc4 Rxc4 26. Rfe1 h5 27. Re4
Rc6 28. Ra4 a6 29. Re1 Kh7 30. Re2 f6 31. Ra5 Rb6 32. Re4 d5 33. Rea4 d4 34.
Rxa6 Rxa6 35. Rxa6 dxc3 36. bxc3 Nd5 37. Rc6 f5 38. a4 e4 39. fxe4 Nxc3 40.
exf5 Nxa4 41. Rxg6 Nc5 42. Rg5 Ne4 43. Rxh5+ Kg8 44. Rh4 Nd6 45. Rf4 Kf7 46. g4
Bf6 47. Ra4 Kg7 48. Ra7+ Nf7 49. h3 Bh4 50. Rb7 Kf6 51. Rb6+ Ke5 52. Re6+ Kf4
53. Rg6 Bg5 54. Rg7 Ne5 55. Ra7 Bh4 56. Ra4+ Kg5 57. Ra6 Kf4 58. Ra4+ Kg5 59.
Kf1 Nd3 60. Ra6 Nf4 61. Ra3 Kf6 62. Ra8 Kg5 63. Rg8+ Kf6 64. Rh8 Bg3 65. Rh6+
Kg5 66. Rh7 Kf6 67. h4 Ke5 68. h5 Kf6 69. Rh8 Kg7 70. Ra8 Bh4 71. Ra7+ Kh6 72.
Ra6+ Kg7 73. Kg1 Bg3 74. h6+ Kf7 75. g5 Nd5 76. g6+ Ke7 77. h7 1-0

[Event "Eastern Ontario op"]
[Site "Ottawa CAN"]
[Date "2014.06.21"]
[Round "3"]
[White "Wan, Kevin"]
[Black "Zhou, Qiyu"]
[Result "1/2-1/2"]
[WhiteElo "2147"]
[BlackElo "2263"]
[PlyCount "139"]
[EventDate "2014.06.20"]
[EventType "swiss"]
[EventRounds "5"]
[EventCountry "CAN"]

1. e4 c5 2. c3 g6 3. d4 cxd4 4. cxd4 d5 5. e5 Nh6 6. Nc3 Nc6 7. h3 Bg7 8. Nf3
O-O 9. Be2 f6 10. exf6 exf6 11. O-O Be6 12. Bf4 Nf5 13. Nb5 Qd7 14. Qd2 Rad8
15. g4 Nfe7 16. Bg3 f5 17. gxf5 Bxf5 18. h4 Be4 19. Ng5 Bh6 20. Nc3 Bf5 21.
Rfe1 Bg7 22. Nf3 Bg4 23. Ne5 Nxe5 24. dxe5 Bxe2 25. Rxe2 Qh3 26. e6 d4 27. Nb5
d3 28. Ree1 a6 29. Nd6 Bd4 30. Ne4 Nf5 31. Qxd3 Nxh4 32. Bxh4 Qxh4 33. Qb3
Bxf2+ 34. Nxf2 Qxf2+ 35. Kh1 Qh4+ 36. Kg1 Qg5+ 37. Kh1 Qh5+ 38. Kg1 Qg5+ 39.
Kh1 Qd5+ 40. Qxd5 Rxd5 41. Rac1 Re8 42. Rc7 b6 43. Rc6 Rb5 44. b3 Re7 45. Rd1
Kg7 46. Rdd6 Kf6 47. Kg2 Re5 48. Rxb6 a5 49. Ra6 Re2+ 50. Kf1 Rxa2 51. b4 Rc7
52. Rd1 a4 53. Re1 Ke7 54. b5 Rb2 55. Rxa4 Rxb5 56. Rf4 Ke8 57. Kf2 Rb6 58. Rh4
h5 59. Rf4 Rc5 60. e7 Rf5 61. Rxf5 gxf5 62. Re5 Rf6 63. Kf3 Rf7 64. Kf4 h4 65.
Re2 Rxe7 66. Rh2 Kd7 67. Kxf5 Rh7 68. Kg4 Ke6 69. Rxh4 Rxh4+ 70. Kxh4 1/2-1/2

[Event "Eastern Ontario op"]
[Site "Ottawa CAN"]
[Date "2014.06.22"]
[Round "4"]
[White "Cova, Ramon"]
[Black "Gelblum, Robert"]
[Result "0-1"]
[WhiteElo "2124"]
[BlackElo "2243"]
[PlyCount "58"]
[EventDate "2014.06.20"]
[EventType "swiss"]
[EventRounds "5"]
[EventCountry "CAN"]

1. d4 Nf6 2. Nf3 g6 3. Nc3 Bg7 4. e4 d6 5. Be3 c6 6. Qd2 Nbd7 7. Bd3 Qc7 8. Bh6
Bxh6 9. Qxh6 b5 10. Ng5 Qa5 11. Qg7 Rf8 12. Nxh7 Nxh7 13. Qxh7 Qb4 14. O-O-O
Qxd4 15. Qh4 Rh8 16. Qg3 Qc5 17. f4 a5 18. Rhe1 a4 19. e5 a3 20. exd6 axb2+ 21.
Kb1 Qxc3 22. Rxe7+ Kd8 23. Rxf7 Nf6 24. Qg5 Rxa2 25. Kxa2 Be6+ 26. Kb1 Bxf7 27.
Qe5 Nd5 28. Qg5+ Kd7 29. Qg4+ Kxd6 0-1

[Event "Eastern Ontario op"]
[Site "Ottawa CAN"]
[Date "2014.06.22"]
[Round "4"]
[White "Doubleday, William"]
[Black "Zhou, Qiyu"]
[Result "0-1"]
[WhiteElo "2208"]
[BlackElo "2263"]
[PlyCount "130"]
[EventDate "2014.06.20"]
[EventType "swiss"]
[EventRounds "5"]
[EventCountry "CAN"]

1. d4 Nf6 2. Nf3 g6 3. c4 Bg7 4. Nc3 O-O 5. e4 d6 6. Be2 e5 7. d5 a5 8. O-O Na6
9. Ne1 Nc5 10. f3 Bd7 11. Nd3 b6 12. Bg5 h6 13. Bh4 Qe8 14. Bf2 Nh7 15. Be3 f5
16. Nxc5 bxc5 17. exf5 gxf5 18. f4 e4 19. Qd2 Nf6 20. a4 Kh7 21. Nb5 Qd8 22.
Ra2 Be8 23. Qd1 Qe7 24. b3 Bh8 25. Kh1 Rg8 26. Rg1 Rd8 27. Qe1 Ra8 28. Qh4 Bxb5
29. axb5 Nxd5 30. Qxe7+ Nxe7 31. Rd1 Rgd8 32. g3 Bc3 33. Bd2 Bxd2 34. Raxd2
Rdb8 35. Ra1 Ra7 36. Ra3 Kg7 37. Kg2 Kf6 38. h3 Ke6 39. g4 Rba8 40. gxf5+ Nxf5
41. Bg4 Kf6 42. Re2 Re8 43. Rea2 Nd4 44. Kf2 e3+ 45. Ke1 e2 46. Bxe2 Re3 47.
Kd1 Rxh3 48. Bf1 Rxb3 49. Bg2 Rxa3 50. Rxa3 Kf5 51. Rh3 a4 52. Ra3 Kxf4 53. Kc1
h5 54. Kb2 h4 55. Bd5 Kg4 56. Ka2 Nc2 57. Be6+ Kg5 58. Rc3 Nd4 59. Bd5 Kf4 60.
Ra3 Nc2 61. Rc3 Nb4+ 62. Ka3 Nxd5 63. cxd5 Ke5 64. Rh3 Kxd5 65. Rxh4 Ra5 0-1

[Event "Eastern Ontario op"]
[Site "Ottawa CAN"]
[Date "2014.06.22"]
[Round "4"]
[White "Dumont, Felix"]
[Black "Devine, Norman"]
[Result "1-0"]
[WhiteElo "2184"]
[BlackElo "1868"]
[PlyCount "85"]
[EventDate "2014.06.20"]
[EventType "swiss"]
[EventRounds "5"]
[EventCountry "CAN"]

1. e4 e5 2. Nf3 Nf6 3. Nxe5 d6 4. Nf3 Nxe4 5. Nc3 Nxc3 6. dxc3 Be7 7. Be3 Nc6
8. Qd2 Be6 9. O-O-O Qd7 10. Kb1 Bf6 11. Nd4 Nxd4 12. Bxd4 Bxd4 13. Qxd4 O-O 14.
h4 Rfe8 15. f3 f5 16. h5 Qf7 17. h6 g6 18. a3 Re7 19. g4 a6 20. gxf5 Bxf5 21.
f4 Rae8 22. Bc4 Be6 23. Bd3 Bf5 24. Bc4 Be6 25. Bd3 Bf5 26. Rhf1 Bxd3 27. Qxd3
Re3 28. Qd4 R3e4 29. Qa7 Rxf4 30. Rfe1 Rxe1 31. Rxe1 Rf1 32. Rxf1 Qxf1+ 33. Ka2
Qf7+ 34. b3 g5 35. Qxb7 Qf8 36. Qd5+ Kh8 37. Qxg5 c5 38. c4 a5 39. a4 d5 40.
cxd5 c4 41. Qe5+ Kg8 42. bxc4 Qf6 43. Qe8+ 1-0

[Event "Eastern Ontario op"]
[Site "Ottawa CAN"]
[Date "2014.06.22"]
[Round "4"]
[White "Wan, Kevin"]
[Black "Pacey, Kevin"]
[Result "1/2-1/2"]
[WhiteElo "2147"]
[BlackElo "2169"]
[PlyCount "34"]
[EventDate "2014.06.20"]
[EventType "swiss"]
[EventRounds "5"]
[EventCountry "CAN"]

1. e4 d6 2. c4 c5 3. Nc3 Nc6 4. d3 g6 5. g3 Bg7 6. Bg2 Nf6 7. Nge2 O-O 8. O-O
Ne8 9. Be3 Nc7 10. f4 Ne6 11. Bf2 Ned4 12. Nxd4 Nxd4 13. Ne2 Bg4 14. Bxd4 Bxd4+
15. Kh1 Rb8 16. Qc2 Bxe2 17. Qxe2 b5 1/2-1/2

[Event "Eastern Ontario op"]
[Site "Ottawa CAN"]
[Date "2014.06.22"]
[Round "4"]
[White "Zhong, Joey"]
[Black "De Kerpel, Stijn"]
[Result "0-1"]
[WhiteElo "1969"]
[BlackElo "2237"]
[PlyCount "54"]
[EventDate "2014.06.20"]
[EventType "swiss"]
[EventRounds "5"]
[EventCountry "CAN"]

1. e4 d5 2. exd5 Qxd5 3. Nf3 Nf6 4. d4 c6 5. Be2 Bf5 6. O-O Nbd7 7. c4 Qd6 8.
Nc3 e6 9. Bg5 h6 10. Bh4 Ne4 11. Nxe4 Bxe4 12. Bg3 Qb4 13. Bd3 Bxd3 14. Qxd3
Nf6 15. a3 Qb6 16. Rfe1 Be7 17. c5 Qd8 18. Rxe6 fxe6 19. Qg6+ Kf8 20. Ne5 Qe8
21. Qd3 Rd8 22. Ng6+ Kg8 23. Re1 Qf7 24. Nf4 Bxc5 25. Nxe6 Re8 26. dxc5 Rxe6
27. Rd1 Qe7 0-1

[Event "Eastern Ontario op U1900"]
[Site "Ottawa CAN"]
[Date "2014.06.20"]
[Round "2"]
[White "Danilov, Alex"]
[Black "Serdula, Jay"]
[Result "1-0"]
[WhiteElo "1843"]
[BlackElo "1780"]
[PlyCount "27"]
[EventDate "2014.06.20"]
[EventType "swiss"]
[EventRounds "5"]
[EventCountry "CAN"]

1. c4 c6 2. Nf3 d5 3. e3 Nf6 4. b3 Bf5 5. Bb2 Nbd7 6. Be2 dxc4 7. bxc4 Qc7 8.
d4 e6 9. O-O b6 10. Nc3 Bd6 11. d5 exd5 12. cxd5 Nxd5 13. Nxd5 cxd5 14. Qxd5
1-0

[Event "Eastern Ontario op U1900"]
[Site "Ottawa CAN"]
[Date "2014.06.20"]
[Round "2"]
[White "Kellar, Ben"]
[Black "Krolczyk, Jacob"]
[Result "1/2-1/2"]
[WhiteElo "1917"]
[BlackElo "1828"]
[PlyCount "85"]
[EventDate "2014.06.20"]
[EventType "swiss"]
[EventRounds "5"]
[EventCountry "CAN"]

1. c4 Nf6 2. g3 g6 3. Bg2 Bg7 4. Nc3 c6 5. Nf3 O-O 6. O-O d5 7. cxd5 cxd5 8. d4
Nc6 9. Bg5 h6 10. Bd2 Ne4 11. Rc1 Nxd2 12. Qxd2 e6 13. Na4 Na5 14. b3 b6 15.
Qf4 Bd7 16. Nb2 Bb5 17. Rfe1 g5 18. Qc7 Qxc7 19. Rxc7 Rfc8 20. Rxc8+ Rxc8 21.
e3 Rc2 22. Rb1 Bf8 23. Ne1 Rd2 24. Nf3 Rc2 25. Ne1 Rc7 26. Bf1 Bxf1 27. Kxf1
Ba3 28. Ke2 g4 29. Nbd3 Kg7 30. Kd2 Be7 31. Rc1 Rxc1 32. Kxc1 Nb7 33. Ne5 f6
34. Nc6 Ba3+ 35. Kc2 a5 36. Nd3 Kf7 37. Na7 Nd6 38. b4 axb4 39. Nc6 Ne4 40. Kb3
Ke8 41. Ncxb4 Bxb4 42. Kxb4 Kd7 43. Kb5 1/2-1/2

[Event "Eastern Ontario op U1900"]
[Site "Ottawa CAN"]
[Date "2014.06.21"]
[Round "3"]
[White "Serdula, Jay"]
[Black "Legault, Stephane"]
[Result "1-0"]
[WhiteElo "1780"]
[BlackElo "1713"]
[PlyCount "63"]
[EventDate "2014.06.20"]
[EventType "swiss"]
[EventRounds "5"]
[EventCountry "CAN"]

1. d4 Nf6 2. c4 d5 3. cxd5 Nxd5 4. e4 Nf6 5. Bd3 Nc6 6. Nf3 Bg4 7. e5 Nd5 8.
Bb5 e6 9. h3 Bf5 10. Bxc6+ bxc6 11. O-O Be7 12. Bd2 Rb8 13. Qa4 Qd7 14. Rc1
Rxb2 15. Qxa7 O-O 16. Qa4 Rfb8 17. Nc3 Nb6 18. Qd1 Nc4 19. Na4 Nxd2 20. Nxb2
Nxf3+ 21. Qxf3 Rxb2 22. Rxc6 Qxd4 23. Rxc7 Be4 24. Rxe7 f5 25. Rd1 Bxf3 26.
Rxd4 Kf8 27. Ra7 Bd5 28. a4 Rb1+ 29. Kh2 Re1 30. a5 Rb1 31. Rd2 Rb8 32. Rc2 1-0

[Event "Estival"]
[Site "Charlesbourg CAN"]
[Date "2014.06.02"]
[Round "1"]
[White "Drolet, Stephane"]
[Black "Lord, Daniel"]
[Result "1-0"]
[WhiteElo "2148"]
[BlackElo "1646"]
[PlyCount "59"]
[EventDate "2014.06.02"]
[EventType "swiss"]
[EventRounds "5"]
[EventCountry "CAN"]

1. d4 Nf6 2. Nf3 g6 3. c4 c6 4. Nc3 d6 5. e4 Bg7 6. Be2 Be6 7. Ng5 Qc8 8. f4 h6
9. Nf3 d5 10. e5 Ne4 11. Nxe4 dxe4 12. Nd2 Bf5 13. g4 e3 14. Nf1 Be4 15. Rg1 f5
16. Ng3 e6 17. Nxe4 fxe4 18. Bxe3 Qd8 19. Rg3 Qh4 20. Bg1 Rf8 21. Qb3 Qe7 22.
Be3 Na6 23. a3 O-O-O 24. O-O-O g5 25. f5 exf5 26. gxf5 Rxf5 27. Bg4 Qd7 28. Qc2
Kb8 29. Qxe4 Rxe5 30. dxe5 1-0

[Event "Estival"]
[Site "Charlesbourg CAN"]
[Date "2014.06.02"]
[Round "1"]
[White "Garneau, Benoit"]
[Black "Pouliot, Lewis"]
[Result "1-0"]
[WhiteElo "1937"]
[BlackElo "1521"]
[PlyCount "57"]
[EventDate "2014.06.02"]
[EventType "swiss"]
[EventRounds "5"]
[EventCountry "CAN"]

1. e4 a6 2. d4 d6 3. Nc3 b5 4. Nf3 Bb7 5. Bd3 e6 6. O-O Nd7 7. Bg5 Ne7 8. a3 h6
9. Bh4 g5 10. Bg3 Ng6 11. e5 d5 12. Bxg6 fxg6 13. Qd3 Kf7 14. h4 g4 15. h5 Rg8
16. hxg6+ Kg7 17. Nh2 Qg5 18. f4 gxf3 19. Rxf3 Qxg6 20. Raf1 Qxd3 21. cxd3 Kh8
22. Bh4 Rg7 23. Bf6 Nxf6 24. Rxf6 Re7 25. Rxf8+ Kg7 26. R8f6 h5 27. Ne2 c5 28.
Nf4 Rh8 29. Nxe6+ 1-0

[Event "Estival"]
[Site "Charlesbourg CAN"]
[Date "2014.06.02"]
[Round "1"]
[White "Leblanc-Legault, Mathieu"]
[Black "Tremblay-Alix, Eric"]
[Result "0-1"]
[WhiteElo "1403"]
[BlackElo "1925"]
[PlyCount "64"]
[EventDate "2014.06.02"]
[EventType "swiss"]
[EventRounds "5"]
[EventCountry "CAN"]

1. d4 e6 2. Nf3 Nf6 3. Bf4 c5 4. e3 Nc6 5. Be2 Qb6 6. b3 Nd5 7. dxc5 Bxc5 8.
Be5 Nxe5 9. Nxe5 Bb4+ 10. Kf1 Qc7 11. Nd3 Nc3 12. Nxc3 Bxc3 13. Rb1 a5 14. Bf3
d5 15. a4 Bd7 16. Nb2 O-O 17. Qd3 b5 18. Be2 Rab8 19. axb5 Qe5 20. Na4 Rfc8 21.
f4 Qf6 22. Kf2 Bxb5 23. Qd1 d4 24. Bxb5 dxe3+ 25. Kf3 Rxb5 26. Nxc3 Rxc3 27.
Qe2 Rf5 28. g3 g5 29. Rhg1 Qg6 30. Rbd1 Qh5+ 31. g4 Rxf4+ 32. Kg2 Rxg4+ 0-1

[Event "Estival"]
[Site "Charlesbourg CAN"]
[Date "2014.06.09"]
[Round "2"]
[White "Boissinot, Claude"]
[Black "Garneau, Benoit"]
[Result "0-1"]
[WhiteElo "1529"]
[BlackElo "1937"]
[PlyCount "66"]
[EventDate "2014.06.02"]
[EventType "swiss"]
[EventRounds "5"]
[EventCountry "CAN"]

1. e4 g6 2. d4 Bg7 3. f4 c5 4. c3 d5 5. dxc5 dxe4 6. Qc2 Nf6 7. Bc4 Nc6 8. b4
Bf5 9. Qb3 O-O 10. Ne2 a6 11. Ng3 b5 12. Be2 Be6 13. Qc2 Nd5 14. a3 e3 15. O-O
Qc7 16. f5 gxf5 17. Nxf5 Be5 18. Rf3 Bxh2+ 19. Kh1 Nf4 20. Bxe3 Bxf5 21. Qxf5
Nxe2 22. Qg4+ Kh8 23. g3 Rg8 24. Qh3 Ne5 25. Bf4 Nxf4 26. Rxf4 Bxg3 27. Rf5 Bh2
28. Nd2 Ng4 29. Raf1 Qc6+ 30. Nf3 f6 31. Rh5 Rg7 32. Rh4 Ne3 33. Rf2 Bg3 0-1

[Event "Estival"]
[Site "Charlesbourg CAN"]
[Date "2014.06.09"]
[Round "2"]
[White "Lessard, Claude"]
[Black "Dube, Daniel"]
[Result "1-0"]
[WhiteElo "1992"]
[BlackElo "1877"]
[PlyCount "69"]
[EventDate "2014.06.02"]
[EventType "swiss"]
[EventRounds "5"]
[EventCountry "CAN"]

1. d4 Nf6 2. Nf3 g6 3. g3 Bg7 4. Bg2 d6 5. O-O O-O 6. c4 c6 7. Nc3 Qa5 8. e4 e5
9. d5 cxd5 10. cxd5 Nh5 11. Bd2 f5 12. Rc1 Na6 13. Ng5 h6 14. Ne6 Bxe6 15. dxe6
f4 16. Bh3 Qb4 17. e7 Rfe8 18. Be6+ Kh7 19. Bf7 Qd4 20. Qg4 Rxe7 21. Qxg6+ Kh8
22. Rfd1 fxg3 23. hxg3 Rxf7 24. Be3 Qc4 25. Nd5 Qe2 26. Qxf7 Rf8 27. Qg6 Nc5
28. b4 Qf3 29. bxc5 Nf4 30. gxf4 Rg8 31. Ne7 Rf8 32. Nf5 Rg8 33. Nxd6 Rf8 34.
Nf5 Rg8 35. Rd8 1-0

[Event "Estival"]
[Site "Charlesbourg CAN"]
[Date "2014.06.09"]
[Round "2"]
[White "Tremblay-Alix, Eric"]
[Black "Drolet, Stephane"]
[Result "0-1"]
[WhiteElo "1925"]
[BlackElo "2148"]
[PlyCount "86"]
[EventDate "2014.06.02"]
[EventType "swiss"]
[EventRounds "5"]
[EventCountry "CAN"]

1. c4 b6 2. Nc3 Bb7 3. Nf3 Nf6 4. d4 e6 5. Bg5 h6 6. Bxf6 Qxf6 7. e4 d6 8. Bd3
Nd7 9. Nb5 Qd8 10. O-O Be7 11. Rc1 a6 12. Nc3 c5 13. d5 e5 14. Ne2 Bc8 15. Ng3
g6 16. Ne1 Bg5 17. Rc3 Rb8 18. a4 h5 19. Nc2 Nf6 20. b4 Bd7 21. b5 a5 22. Ne2
Ng4 23. f4 exf4 24. Nxf4 Bf6 25. Rb3 Be5 26. Be2 Nxh2 27. Nd3 Nxf1 28. Nxe5
dxe5 29. Qxf1 Qh4 30. Bf3 O-O 31. Ne3 f5 32. Qd3 Qe1+ 33. Kh2 f4 34. Nf1 Qh4+
35. Kg1 g5 36. d6 Be6 37. Qc3 g4 38. Qxe5 Bxc4 39. Bd1 Rbe8 40. Qc3 Rxe4 41.
Bc2 Rd4 42. Rb1 f3 43. g3 f2+ 0-1

[Event "Estival"]
[Site "Charlesbourg CAN"]
[Date "2014.06.16"]
[Round "3"]
[White "Coulon, Dominic"]
[Black "Fecteau, Martin"]
[Result "1-0"]
[WhiteElo "1812"]
[BlackElo "1938"]
[PlyCount "97"]
[EventDate "2014.06.02"]
[EventType "swiss"]
[EventRounds "5"]
[EventCountry "CAN"]

1. e4 e5 2. Nf3 Nc6 3. Bc4 Bc5 4. c3 Nf6 5. d4 exd4 6. cxd4 Bb4+ 7. Nc3 O-O 8.
O-O Bxc3 9. bxc3 Nxe4 10. d5 Ne7 11. Re1 Nf6 12. d6 cxd6 13. Ba3 Nf5 14. Bxd6
Nxd6 15. Qxd6 b6 16. Re7 Ne8 17. Rxe8 Qxe8 18. Re1 Qd8 19. Re7 Bb7 20. Ng5 Bc6
21. Nxf7 Rxf7 22. Bxf7+ Kh8 23. Re8+ Qxe8 24. Bxe8 Rxe8 25. h3 h6 26. g4 Kh7
27. Kh2 Re6 28. Qa3 Rf6 29. Qb2 Rf3 30. c4 Kg6 31. Qd4 Kf7 32. h4 Kg6 33. a4
Kf7 34. c5 bxc5 35. Qxc5 Rf4 36. a5 a6 37. h5 Rf3 38. Kg1 Rf4 39. Kf1 Ke6 40.
g5 Bb5+ 41. Ke1 Rf5 42. Qb6+ d6 43. f4 Rxf4 44. Qe3+ Kf5 45. gxh6 gxh6 46. Qh3+
Ke5 47. Qc3+ Rd4 48. Kf2 d5 49. Ke3 1-0

[Event "Estival"]
[Site "Charlesbourg CAN"]
[Date "2014.06.16"]
[Round "3"]
[White "Drolet, Stephane"]
[Black "Garneau, Benoit"]
[Result "1-0"]
[WhiteElo "2148"]
[BlackElo "1937"]
[PlyCount "61"]
[EventDate "2014.06.02"]
[EventType "swiss"]
[EventRounds "5"]
[EventCountry "CAN"]

1. d4 g6 2. Nf3 Bg7 3. c3 Nf6 4. Bg5 d5 5. Nbd2 O-O 6. e3 Nbd7 7. Be2 Re8 8. h3
b6 9. O-O Ne4 10. Nxe4 dxe4 11. Nd2 Bb7 12. Qc2 Nf6 13. Rfd1 Qd7 14. Bf4 Rac8
15. a4 c5 16. Bb5 Bc6 17. dxc5 Bxb5 18. Nxe4 Qb7 19. Nxf6+ Bxf6 20. axb5 Rxc5
21. Qa4 e5 22. Bg3 Kg7 23. Qxa7 Qxa7 24. Rxa7 Rxb5 25. Rdd7 Rf8 26. b4 g5 27.
e4 h5 28. f3 h4 29. Be1 Rc8 30. Rxf7+ Kg6 31. Rfc7 1-0

[Event "Estival"]
[Site "Charlesbourg CAN"]
[Date "2014.06.16"]
[Round "3"]
[White "Dube, Daniel"]
[Black "May, Oliver"]
[Result "1-0"]
[WhiteElo "1877"]
[BlackElo "1786"]
[PlyCount "101"]
[EventDate "2014.06.02"]
[EventType "swiss"]
[EventRounds "5"]
[EventCountry "CAN"]

1. d4 d5 2. Nc3 Nf6 3. Bf4 Bf5 4. e3 e6 5. Bd3 Bxd3 6. cxd3 c6 7. Nf3 Bd6 8.
Bxd6 Qxd6 9. O-O O-O 10. Qb3 Qc7 11. Rfc1 Qb6 12. Qc2 Nbd7 13. Na4 Qb4 14. a3
Qe7 15. Qb3 Rab8 16. Nc5 Rfe8 17. Qa4 a6 18. Ne5 Nxe5 19. dxe5 Nd7 20. d4 f6
21. Nxd7 Qxd7 22. exf6 gxf6 23. f4 Qg7 24. Rf1 Kf7 25. Qa5 Re7 26. Rf3 Rg8 27.
Rg3 Qf8 28. Rh3 Rg7 29. Rf1 Qg8 30. Qd2 Ke8 31. Rff3 Rg6 32. Rhg3 Reg7 33. Rxg6
Rxg6 34. Rf2 f5 35. Qb4 Qf7 36. Qd6 Qd7 37. Qb8+ Kf7 38. Rf3 Rg8 39. Qe5 Qe7
40. Rh3 Kg6 41. g4 fxg4 42. f5+ exf5 43. Qxe7 gxh3 44. Qe6+ Kg7 45. Qxf5 Kh6+
46. Kf1 Kg7 47. Qd7+ Kg6 48. Qxb7 Rf8+ 49. Ke2 Rf6 50. Qxa6 Kh6 51. Qc8 1-0

[Event "Estival"]
[Site "Charlesbourg CAN"]
[Date "2014.06.16"]
[Round "3"]
[White "Lord, Daniel"]
[Black "Tremblay-Alix, Eric"]
[Result "0-1"]
[WhiteElo "1646"]
[BlackElo "1925"]
[PlyCount "68"]
[EventDate "2014.06.02"]
[EventType "swiss"]
[EventRounds "5"]
[EventCountry "CAN"]

1. d4 e6 2. c4 c5 3. d5 exd5 4. cxd5 d6 5. g3 Nf6 6. Bg2 Nbd7 7. Nh3 g6 8. Bf4
Nb6 9. Nc3 Bg7 10. Qc1 Bxh3 11. Qe3+ Qe7 12. Qxe7+ Kxe7 13. Bxh3 Nfxd5 14. Bd2
Nxc3 15. bxc3 Rhd8 16. f4 Nc4 17. Rb1 Rab8 18. e4 d5 19. e5 Nxd2 20. Kxd2 b5
21. Rb3 a5 22. Rhb1 b4 23. cxb4 Rxb4 24. Rc1 c4 25. Ra3 Rb5 26. Kc3 Ke8 27. Rc2
Bf8 28. Ra4 Bb4+ 29. Kd4 Bc5+ 30. Kc3 Rdb8 31. Bg2 Rd8 32. Bh3 Rdb8 33. Bg2 Be3
34. h4 Rb3+ 0-1

[Event "Estival"]
[Site "Charlesbourg CAN"]
[Date "2014.06.16"]
[Round "3"]
[White "May, Phillip"]
[Black "Boies, Dominique"]
[Result "0-1"]
[WhiteElo "1249"]
[BlackElo "1538"]
[PlyCount "56"]
[EventDate "2014.06.02"]
[EventType "swiss"]
[EventRounds "5"]
[EventCountry "CAN"]

1. e4 e5 2. Nf3 Nc6 3. Bc4 Bc5 4. d3 Nf6 5. Nc3 d6 6. O-O Bg4 7. Bg5 Nd4 8. Ne2
Bxf3 9. gxf3 Nxf3+ 10. Kh1 Nxg5 11. f4 Ne6 12. Bxe6 fxe6 13. c3 Qe7 14. Qa4+
Qd7 15. Qb3 O-O-O 16. fxe5 dxe5 17. d4 exd4 18. Rad1 d3 19. Nf4 Nxe4 20. Nxe6
Nf2+ 21. Kg2 Qc6+ 22. Kg3 Ne4+ 23. Kg2 Nd2+ 24. Kh3 Nxb3 25. axb3 Qxe6+ 26. Kg3
Rd5 27. c4 Rg5+ 28. Kf3 Rf8# 0-1

[Event "Estival"]
[Site "Charlesbourg CAN"]
[Date "2014.06.23"]
[Round "4"]
[White "Drolet, Stephane"]
[Black "Lessard, Claude"]
[Result "1/2-1/2"]
[WhiteElo "2148"]
[BlackElo "1992"]
[PlyCount "56"]
[EventDate "2014.06.02"]
[EventType "swiss"]
[EventRounds "5"]
[EventCountry "CAN"]

1. d4 Nf6 2. Nf3 b6 3. g3 Bb7 4. Bg2 e6 5. O-O Be7 6. c4 O-O 7. Nc3 d5 8. Ne5
Nbd7 9. e3 c6 10. cxd5 exd5 11. f4 Ne8 12. Bd2 f6 13. Nxd7 Qxd7 14. Rc1 Nd6 15.
b3 Rfe8 16. g4 Nf7 17. Qf3 Ba3 18. Rce1 Ba6 19. Rf2 Bd3 20. Bf1 Bxf1 21. Kxf1
Bb4 22. Nb1 Bxd2 23. Rxd2 Nd6 24. Nc3 Ne4 25. Nxe4 Rxe4 26. Rc1 Rae8 27. Rd3 c5
28. dxc5 Qb5 1/2-1/2

[Event "Estival"]
[Site "Charlesbourg CAN"]
[Date "2014.06.23"]
[Round "4"]
[White "Fecteau, Martin"]
[Black "Boies, Dominique"]
[Result "1-0"]
[WhiteElo "1938"]
[BlackElo "1538"]
[PlyCount "53"]
[EventDate "2014.06.02"]
[EventType "swiss"]
[EventRounds "5"]
[EventCountry "CAN"]

1. d4 d5 2. c4 dxc4 3. Nf3 b5 4. a4 c6 5. axb5 cxb5 6. Nc3 e5 7. Nxb5 Qb6 8.
Nc3 exd4 9. Nxd4 Bc5 10. e3 Bxd4 11. exd4 Nf6 12. Bxc4 O-O 13. O-O Nc6 14. d5
Ne5 15. Be2 Rd8 16. Ra4 Bb7 17. Rd4 Rac8 18. Kh1 Rxc3 19. bxc3 Rxd5 20. Be3 Qa5
21. c4 Rxd4 22. Qxd4 Nc6 23. Qb2 Qb4 24. Qxb4 Nxb4 25. Bxa7 Be4 26. Re1 h6 27.
Kg1 1-0

[Event "Estival"]
[Site "Charlesbourg CAN"]
[Date "2014.06.23"]
[Round "4"]
[White "Garneau, Benoit"]
[Black "Doyon, Stephane"]
[Result "1-0"]
[WhiteElo "1937"]
[BlackElo "1881"]
[PlyCount "71"]
[EventDate "2014.06.02"]
[EventType "swiss"]
[EventRounds "5"]
[EventCountry "CAN"]

1. e4 c6 2. d4 d5 3. exd5 cxd5 4. Bd3 Nc6 5. c3 Nf6 6. Bf4 Bg4 7. Qb3 Qc8 8.
Nd2 e6 9. Ngf3 Be7 10. O-O O-O 11. Qc2 Bh5 12. Ne5 Bg6 13. Nxg6 hxg6 14. Rae1
Nh5 15. Bg3 f5 16. Nf3 Nf6 17. Ne5 Nxe5 18. Bxe5 Ne4 19. f3 Nd6 20. g4 Nc4 21.
Qe2 Bg5 22. gxf5 Ne3 23. f4 Nxf1 24. Rxf1 Bf6 25. fxg6 Bxe5 26. fxe5 Rxf1+ 27.
Qxf1 Qd8 28. Qf4 Qe7 29. Qg4 Kf8 30. Bb5 Qd8 31. Qf3+ Kg8 32. Qh5 Qc8 33. Qh7+
Kf8 34. Qh8+ Ke7 35. Qxg7+ Kd8 36. Qf8+ 1-0

[Event "Estival"]
[Site "Charlesbourg CAN"]
[Date "2014.06.23"]
[Round "4"]
[White "Tremblay-Alix, Eric"]
[Black "Coulon, Dominic"]
[Result "0-1"]
[WhiteElo "1925"]
[BlackElo "1812"]
[PlyCount "54"]
[EventDate "2014.06.02"]
[EventType "swiss"]
[EventRounds "5"]
[EventCountry "CAN"]

1. f4 e5 2. fxe5 d6 3. exd6 Bxd6 4. Nf3 g5 5. g3 g4 6. Nh4 Be7 7. Ng2 h5 8. Nf4
h4 9. Bg2 h3 10. Bd5 Nf6 11. Bb3 c5 12. d3 b5 13. Nc3 Bb7 14. Rf1 b4 15. Na4
Qd6 16. Be3 Nbd7 17. d4 Bg2 18. Rg1 Rd8 19. dxc5 Qe5 20. Qd4 Qf5 21. Qxb4 Ne5
22. Nxg2 hxg2 23. Rxg2 Ne4 24. Bd4 Nc6 25. Qb5 Rxd4 26. Qxc6+ Kf8 27. Rd1 Rxd1+
0-1

[Event "February TNT"]
[Site "Winnipeg CAN"]
[Date "2014.02.04"]
[Round "1.4"]
[White "Clark, Jeff"]
[Black "Reimer, Bruce"]
[Result "1-0"]
[WhiteElo "1996"]
[BlackElo "1619"]
[PlyCount "144"]
[EventDate "2014.02.04"]
[EventType "swiss"]
[EventRounds "4"]
[EventCountry "CAN"]

1. d4 g6 2. e4 Bg7 3. c4 d6 4. Nc3 a6 5. Be3 Nd7 6. Bd3 e6 7. Nf3 b6 8. O-O Bb7
9. Rc1 Ne7 10. Re1 O-O 11. Qd2 c6 12. Bh6 Re8 13. Bxg7 Kxg7 14. Qf4 d5 15. Ng5
Rf8 16. cxd5 cxd5 17. e5 h6 18. Nf3 b5 19. Re3 Nc6 20. Ne2 Nb4 21. Bb1 Rc8 22.
Rxc8 Qxc8 23. Rc3 Qd8 24. h4 f6 25. Qg3 f5 26. Nf4 Qe8 27. Rc7 Bc8 28. Rxc8 Qf7
29. Rxf8 Nxf8 30. Nd2 Qc7 31. Qc3 Nc6 32. Nb3 Qb6 33. Nc5 Kf7 34. b4 a5 35.
bxa5 Nxa5 36. Qb4 Nc6 37. Qb2 Qa5 38. Nfd3 Ke7 39. Nb7 Qb6 40. Nd6 Kd7 41. Nc5+
Kc7 42. Qxb5 Qxb5 43. Nxb5+ Kb6 44. Bd3 Nb4 45. Be2 Nxa2 46. f4 Nb4 47. Kf2 Nc2
48. Nb3 Nd7 49. Nd6 Nb8 50. h5 gxh5 51. Bxh5 Nc6 52. Nf7 Kb5 53. Nxh6 Kb4 54.
Be8 Kxb3 55. Bxc6 Nxd4 56. Bd7 Kb4 57. g4 fxg4 58. Nxg4 Kc5 59. Ne3 Kb6 60. f5
Nxf5 61. Nxf5 exf5 62. Bxf5 Kc6 63. Ke3 Kc5 64. Bc8 d4+ 65. Kd3 Kd5 66. e6 Kd6
67. Kxd4 Ke7 68. Ke5 Kd8 69. Kf6 Ke8 70. Bd7+ Kd8 71. e7+ Kxd7 72. Kf7 Kd6 1-0